Quick Pick: Of These Movies... Quiz Stats

Quiz Updated Nov 17, 2017

Challenge
Share
Tweet
Embed
Score 0/7 Timer 01:00
0 Plays Today
% Correct
Gandhi
86.3%
Police Academy
82.3%
Attack of the Killer Tomatoes
79.6%
Guardians of the Galaxy
79.4%
My Dinner With Andre
67%
The Princess Diaries
59.7%
The Bad News Bears
50.5%

Today's Daily Dose

Word Ladder
Antonym Clues II

Quick Pick
Movies of 2014

On This Day
April 24th II

You're not logged in!

Compare scores with friends on all Sporcle quizzes.
Sign Up with Email
OR
Log In

You Might Also Like...

Show Comments

Extras

Top Quizzes Today


Score Distribution

Your Account Isn't Verified!

In order to create a playlist on Sporcle, you need to verify the email address you used during registration. Go to your Sporcle Settings to finish the process.

Report this User

Report this user for behavior that violates our Community Guidelines.

Details: